00647 2200277 4500001002100000005001500021035002000036007000300056008004100059020001800100082001000118084001600128100001700144245004500161260003600206300002200242650001700264990001100281990001100292990001100303990001100314990001100325990001100336990001100347990001100358INLIS00000000000028120170918022201 a0010-0917000267ta170918 f 0 ind  a979-9078-89-X a2x3.1 a2x3.1 YAH m0 aYahya, Harun1 aMengenal Allah Lewat Akal /cHarun Yahya aJakarta :bRobbani Press,c2006 a251hlm ;c21x15cm aAqidah Islam a2x3.1a a2x3.1b a2x3.1b a2x3.1a a2x3.1a a2x3.1b a2x3.1b a2x3.1a